|
|
|
|
| LEADER |
00000nam0a2200000 4500 |
| 001 |
136814 |
| 005 |
20231101220637.0 |
| 035 |
|
|
|a (RuTPU)RU\TPU\book\148294
|
| 090 |
|
|
|a 136814
|
| 100 |
|
|
|a 20080428d1984 m y0rusy50 ca
|
| 101 |
0 |
|
|a rus
|
| 102 |
|
|
|a RU
|
| 105 |
|
|
|a a z 000ay
|
| 200 |
1 |
|
|a Рассказы. 1892-1906
|f М. Горький
|g худож. А. Ф. Таран
|
| 210 |
|
|
|a Москва
|c Правда
|d 1984
|
| 215 |
|
|
|a 496 с.
|c ил.
|
| 330 |
|
|
|a В настоящий сборник классика русской советской литературы М.Горького вошли произведения раннего периода его творчества: "Макар Чудра", "Старуха Изергиль", "Песня о Соколе" и другие.
|
| 464 |
|
|
|t Макар Чудра; Емельян Пиляй; Дед Архип и Ленька; Старуха Изергиль; Мой спутник; Челкаш; Песня о Соколе; Однажды осенью; Дело с застежками; Коновалов; Ярмарка в Голтве; Супруги Орловы; Бывшие люди; Мальва; Песня о Буревестнике; Скуки ради; Читатель; Кирилка; Двадцать шесть и одна; Человек; Товарищ!
|o рассказы
|
| 610 |
1 |
|
|a советская литература
|
| 610 |
1 |
|
|a проза
|
| 610 |
1 |
|
|a рассказы
|
| 675 |
|
|
|a Р2
|v 3
|
| 700 |
|
1 |
|a Горький
|b М.
|c настоящая фамилия Пешков
|c русский писатель
|c публицист
|f 1868-1936
|g Максим
|2 stltpush
|3 (RuTPU)RU\TPU\pers\1037
|9 460
|
| 702 |
|
1 |
|a Таран
|b А. Ф.
|4 440
|
| 801 |
|
1 |
|a RU
|b 63413507
|c 20080428
|g PSBO
|
| 801 |
|
2 |
|a RU
|b 63413507
|c 20180220
|g RCR
|
| 942 |
|
|
|c BK
|